Common given names in all featured languages #1 - Statistics

General Stats
  • This quiz has been taken 1,811 times
  • The average score is 24 of 56
Answer Stats
Name Language Answer % Correct
George German Georg
81%
Louis French Louis
80%
Helen German Helena
77%
Helen Spanish Helena
77%
Helen Portuguese Helena
77%
Helen Polish Helena
77%
Helen Dutch Helena
77%
Helen Finnish Helena
77%
George Spanish Jorge
74%
George Portuguese Jorge
74%
John Spanish Juan
73%
Stephen Polish Stefan
68%
Stephen Dutch Stefan
68%
George French George
65%
George Dutch George
65%
John French Jean
62%
Elizabeth Finnish Elisabet
59%
Helen French Hélène
57%
Louis Spanish Luis
57%
Louis Portuguese Luís
57%
Stephen German Stephan
53%
John German Johann
52%
Francis Spanish Francisco
51%
Francis Portuguese Francisco
51%
Francis French François
51%
George Italian Giorgio
49%
Helen Italian Elena
47%
Elizabeth German Elisabeth
42%
Elizabeth French Élisabeth
42%
Elizabeth Dutch Elisabeth
42%
John Polish Jan
42%
John Dutch Jan
42%
Stephen Italian Stefano
41%
John Portuguese João
39%
John Italian Giovanni
37%
Stephen Spanish Esteban
36%
Francis Italian Francesco
35%
Francis German Franz
33%
Elizabeth Spanish Isabel
28%
Elizabeth Portuguese Isabel
28%
Louis German Ludwig
27%
Louis Italian Luigi
27%
Francis Dutch Frans
18%
Francis Finnish Frans
18%
Elizabeth Italian Elisabetta
15%
Louis Polish Ludwik
13%
Stephen French Étienne
12%
George Polish Jerzy
7%
Elizabeth Polish Elżbieta
6%
Stephen Portuguese Estêvão
6%
Francis Polish Franciszek
5%
Louis Dutch Lodewijk
4%
Louis Finnish Ludvig
4%
George Finnish Yrjö
4%
John Finnish Juhana
2%
Stephen Finnish Tapani
2%
No matching quizzes found
Score Distribution
Percent of People with Each Score
Percentile by Number Answered
Your Score History
You have not taken this quiz